|
|
|
|
| LEADER |
00000nam#a22000001a#4500 |
| 001 |
00002704 |
| 003 |
AR-BaUAD |
| 005 |
20230908141246.0 |
| 008 |
941124s1942####fr#a|||##||||||||#||fre|d |
| 040 |
|
|
|a AR-BaUAD
|b spa
|c AR-BaUAD
|
| 041 |
|
|
|a fre
|
| 044 |
|
|
|c fr
|2 ISO3166-1
|
| 100 |
1 |
|
|a Hillyer, M.
|
| 245 |
1 |
0 |
|a Petite histoire de l'art et des artisties :
|b la peinture et les peintres /
|c adaptation [et] préf. de Georges Huisman
|
| 260 |
|
|
|a Paris :
|b Nathan,
|c [1942?]
|
| 300 |
|
|
|a 159 p. :
|b il., láms.
|
| 700 |
1 |
|
|a Huey, E. G.
|
| 653 |
|
|
|a HISTORIA
|
| 653 |
|
|
|a ARTE
|
| 653 |
|
|
|a PINTURA
|
| 655 |
|
|
|a TEXTO
|
| 852 |
|
|
|c 26-6
|
| 952 |
|
|
|0 0
|1 0
|4 0
|6 266
|7 0
|9 23550
|a AR-BaUAD
|b AR-BaUAD
|d 0000-00-00
|e Compra Peuser
|i 2704
|l 0
|o 26-6
|p 3w0rf2704
|r 2023-09-08 14:12:46
|w 2023-09-08
|y BK
|
| 990 |
|
|
|a Ej. No1 : 2704 . 20/10/1948 -- Compra Peuser -- (9,80 pesos).
|b ADM
|
| 990 |
|
|
|a A194
|b TD
|
| 990 |
|
|
|a AAQ00002704
|b CC
|
| 998 |
|
|
|a AAQ
|b Bibun 76
|
| 942 |
|
|
|c BK
|
| 999 |
|
|
|c 10118
|d 10118
|